000 00571nam a22001937a 4500
005 20260327150729.0
008 260327b |||||||| |||| 00| 0 eng d
020 _a978-0-12-814043-7
050 _aRA 639.5.M43 2019
100 _aGARY MULLEN R.
245 _aMEDICAL AND VETERINARY ENTOMOLOGY
250 _a3rd
260 _aUNITED KINGDOM
_bELSEVIER
_c2019
300 _aX,769
500 _aINCLUDES GLOSSARY,TAXONOMIC INDEX AND SUBJECT INDEX
650 _aVETERINARY ANTOMOLOGY-INSECTS AS CARRIERS OF DISEASES
700 _aLANCE DURDEN A.
942 _2lcc
_cBK
999 _c216887
_d216887